| 000 | 00459nam a2200121Ia 4500 | ||
|---|---|---|---|
| 008 | 170221s9999 xx 000 0 und d | ||
| 245 | _aAgenda Trending: Reciprocity and the Predictive Capacity of Social Networking Sites in Intermedia Agenda Setting across Topics over Time | ||
| 260 | _bMedia and Communication | ||
| 260 | _c2016 | ||
| 650 | _xCommunication | ||
| 650 | _xMedia Arts | ||
| 856 | _uhttp://www.librelloph.com/mediaandcommunication/issue/current | ||
| 999 |
_c309121 _d309121 |
||